Sports Quiz

Random Sports or Clickable Quiz

Major Golfers Who Haven't Won a Major Quiz Stats

 Plays Quiz Updated Jul 22, 2018

Challenge
Share
Tweet
Embed
Score 0/40 Timer 06:00
3 Plays Today
% Correct
Ian Poulter
84.6%
Colin Montgomerie
82.5%
Hideki Matsuyama
82.3%
Brandt Snedeker
81.9%
Hunter Mahan
81.2%
Lee Westwood
80.7%
Jon Rahm
80.5%
Bill Haas
80%
Jesper Parnevik
79.2%
Rickie Fowler
78.9%
Luke Donald
77.8%
K.J. Choi
77.6%
Matt Kuchar
77.6%
Paul Casey
77.4%
Brad Faxon
77%
Fred Funk
76.7%
Rocco Mediate
75.2%
Chris DiMarco
75.1%
Miguel Ángel Jiménez
73.3%
Chi Chi Rodriguez
72.7%
% Correct
Robert Karlsson
72.6%
Thomas Bjørn
72.6%
Kenny Perry
72.5%
Jay Haas
71.9%
Calvin Peete
71.7%
Steve Stricker
71.4%
David Frost
71.3%
Jeff Maggert
71%
Stuart Appleby
70.9%
Mark McNulty
70.5%
Rory Sabbatini
70.3%
Scott Verplank
70.3%
Mark James
69.9%
Bruce Lietzke
69.9%
Bruce Crampton
68%
Peter Jacobsen
67.3%
Scott Hoch
64.5%
J.C. Snead
64.1%
Sam Torrance
62.2%
Miller Barber
57.9%

You're not logged in!

Compare scores with friends on all Sporcle quizzes.
OR
Log In

You Might Also Like...

Show Comments

Extras

Top Quizzes Today


Score Distribution

Your Account Isn't Verified!

In order to create a playlist on Sporcle, you need to verify the email address you used during registration. Go to your Sporcle Settings to finish the process.

Report this User

Report this user for behavior that violates our Community Guidelines.

Details: